Regionálny pohľad na virtuálnu verejnoprávnu organizáciu
Vytváranie verejnoprávnej virtuálnej organizácie na regionálnej úrovni. Procesný prístup vo verejnej správe. Globálny pohľad na inštitucionalizáciu verejnej správy. Informačný systém verejnej správy ako podsystém systému riadenia verejnej správy. Autori uvádzajú aj niektoré príklady virtuálnych úrad...
Na minha lista:
| Autor principal: | |
|---|---|
| Outros Autores: | |
| Formato: | Capítulo de Livro |
| Idioma: | eslovaco |
| Assuntos: | |
| Tags: |
Sem tags, seja o primeiro a adicionar uma tag!
|
MARC
| LEADER | 00000naa$a2200000$$$4500 | ||
|---|---|---|---|
| 001 | 0059735 | ||
| 005 | 20240502071648.5 | ||
| 041 | 0 | |a slo | |
| 044 | |a SK | ||
| 245 | 1 | 0 | |a Regionálny pohľad na virtuálnu verejnoprávnu organizáciu |c Mojmír Kokles, Michal Grell |
| 520 | |a Vytváranie verejnoprávnej virtuálnej organizácie na regionálnej úrovni. Procesný prístup vo verejnej správe. Globálny pohľad na inštitucionalizáciu verejnej správy. Informačný systém verejnej správy ako podsystém systému riadenia verejnej správy. Autori uvádzajú aj niektoré príklady virtuálnych úradov na regionálnej úrovni. | ||
| 610 | 2 | 0 | |a správa verejná |
| 610 | 2 | 0 | |a správa verejná elektronická |
| 610 | 2 | 0 | |a systémy riadenia |
| 610 | 2 | 0 | |a podnik virtuálny |
| 610 | 2 | 0 | |a regióny |
| 100 | 1 | |a Kokles, Mojmír | |
| 700 | 1 | |a Grell, Michal | |